Production Systems Planning, Analysis, and Control

Na minha lista:
Detalhes bibliográficos
Autor principal: Riggs, James L.
Formato: Livro
Idioma:inglês
Publicado em: New York Wiley 1987
Edição:4. ed.
Assuntos:
Tags: Adicionar Tag
Sem tags, seja o primeiro a adicionar uma tag!

MARC

LEADER 00000nam a2200000 4500
001 c009649
005 20221221074727.9
020 |a 0-471-84793-3 
041 0 |a eng 
044 |a US 
245 1 0 |a Production Systems  |b Planning, Analysis, and Control  |c James L. Riggs 
250 |a 4. ed. 
264 1 |a New York  |b Wiley  |c 1987 
300 |a 745 s. 
610 2 0 |a riadenie výroby 
610 2 0 |a systémy riadenia 
610 2 0 |a plánovanie 
610 2 0 |a analýzy 
610 2 0 |a kontrola 
610 2 0 |a metódy matematické 
610 2 0 |a JIT 
610 2 0 |a teórie ekonomické 
100 1 |a Riggs, James L.